000 01071nam1a2200253 i 4500
001 RU\NLR\BIBL_A\010725699
005 20260405144704.0
035 _a(NLR Aleph) 010725699
090 _a9843994
_c9843994
100 _a20150306g20159999u y0rusy50 ca
101 0 _arus
102 _aRU
105 _aagc|z|||001yy
200 1 _aЖития византийских святых эпохи иконоборчества
_e[переводы с греческого
_fсост., вступ. ст., библиогр., указ. Т.А. Сениной (монахини Кассии)
210 _aСанкт-Петербург
_cКвадривиум [и др.]
_d2015
225 1 _aSeria Byzantina
606 1 _aСвятые византийские
_92065993
_3RU\NLR\AUTH\661240537
686 2 _aЭ372.21-574
702 0 _4220
_7ca
_8rus
_aКассия
_cСенина, Татьяна Анатольевна
_cмонахиня
_f1972-
_943180
_3RU\NLR\AUTH\7760249
852 _aNLR
_j2015-5/2820
942 _cBOOK